| 000 | 01653nam a2200289 a 4500 | ||
|---|---|---|---|
| 001 | BRL_436 | ||
| 005 | 20190320210736.0 | ||
| 008 | 120813m18961942u--a######---#000-0#eng-# | ||
| 041 | _aeng | ||
| 044 | _au | ||
| 050 | 4 |
_aE51 _b.M46 1896 |
|
| 245 | 1 | 0 | _aMemoirs of the Peabody Museum of American Archaeology and Ethnology, Harvard University. |
| 260 |
_aCambridge, Mass. _bThe Museum _c1896-1942 |
||
| 300 |
_a8 v. _bil. (algunas a color) _c36 cm. |
||
| 500 | _av.1. Au445, v.2. Au443, v.3. Au444, v.4. Au442, v.5 Au447, v.6. Au446, v.7. Au440, v.8. Au441 | ||
| 504 | _aIncluye referencias bibliográficas e índice | ||
| 505 | 0 | _aContenido: v.1, no.1. Prehistoric ruins of copan, Honduras. -- v.2, no.1. Researches in the central portion of the Usumatsintla Valley. -- v.3, no.1. Archaeological researches in Yucatan by Edward H. Thompson. -- v.4, no.1. Explorations of the upper Usumatsintla and adjacent region by Teobert Maler. -- v.5 Explorations in the deparment of Peten Guatemala Tikal by Teobert Maler.-- v.6. A study of Maya art its subject matter and historical development by Herbert J. Spinden. --v.7. Coclé and archaeological study of Central Panama, Part. 1 by Samuel Kirkland Lothrop. -- v.8. Coclé and archaeological study of Central Panama, Part. 2 by Samuel Kirkland Lothrop | |
| 650 | 1 | 4 |
_aIndígenas _923296 |
| 650 | 1 | 4 |
_aIndígenas _xAntigüedades _923908 |
| 650 | 1 | 4 |
_aArqueología _98098 |
| 650 | 1 | 4 |
_aEtnología _923112 |
| 651 | 4 |
_aAmérica _xAntigüedades _99854 |
|
| 651 | 4 |
_aAmérica Central _xAntigüedades _923855 |
|
| 710 | 2 |
_aPeabody Museum of Archaeology and Ethnology _923909 |
|
| 902 | _aGRL | ||
| 942 |
_2lcc _cB |
||
| 999 |
_c9248 _d9248 |
||